00864nam a2200313Ia 4500008004100000050000800041050001000049100002100059245003300080245003100113260002200144260001900166260001200185300003800197300002700235300001100262440003600273440000800309500008600317650002100403650001800424650001800442650001600460650002200476650001300498650001300511650001300524650001300537170203s9999 xx 000 0 und d aFic bM478h aMcElroy, Laurie. aNightmare on Hannah Street / cadapted by Laurie McElroy. aNew York, N.Y. :  bDisney Press,  c©2007. a126 pages, [8] pages of plates :  bcolor illustrations ;  c20 cm. aHannah Montana (Disney Press),  v#7. a"Based on the series created by Michael Poryes and Rich Correll & Barry O'Brien." aGrandmothers --  aGrandmothers. aHalloween --  aSingers --  aTeenage girls --  xFiction. xFiction. xFiction. xFiction.